| 000 | 00660nam a22002297a 4500 | ||
|---|---|---|---|
| 005 | 20170124110054.0 | ||
| 010 | _aA-357680 | ||
| 020 | _c60.00 | ||
| 035 | _aA-357680 | ||
| 037 | _bCen Lib/Ret | ||
| 040 |
_aDPL _bEN |
||
| 082 |
_a657.3 _bRAO |
||
| 100 |
_aRao, C. R _926066 |
||
| 245 |
_aBalance sheets : _cby C. R. Rao _bhow 'true' and how 'fair' / |
||
| 260 |
_aBangalore _bBrahmi Publishers _c1987 |
||
| 270 |
_a7, 2nd Block, Kumara Park _bBangalore _e560029 |
||
| 300 |
_a188p. _c21cm(Hb) |
||
| 500 | _a | ||
| 650 |
_aAccounting _910075 |
||
| 650 |
_aFinancial statements -- India _926067 |
||
| 942 |
_2ddc _cEN _h567.3 _mRAO |
||
| 999 |
_c129335 _d129335 |
||